Sports Quiz

Random Sports or NBA Quiz

NBA players in Europe Quiz Stats

 Plays Quiz not verified by Sporcle

Also try: NCAA FCS Nicknames
Challenge
Share
Tweet
Score 0/21 Timer 10:00
0 Plays Today
% Correct
Allen Iverson
100%
Lamar Odom
93.3%
Dennis Rodman
91.1%
Dominique Wilkins
88.9%
Deron Williams
88.9%
Scottie Pippen
88.9%
Brandon Jennings
64.4%
Josh Childress
64.4%
Metta World Peace
64.4%
George Gervin
56.7%
Alex English
53.3%
% Correct
Darryl Dawkins
27.8%
Eddie Johnson
24.4%
Artis Gilmore
24.4%
Ralph Sampson
23.3%
Bob McAdoo
20%
Michael Olowokandi
17.8%
Roy Tarpley
16.7%
Ricky Davis
15.6%
Rolando Blackman
10%
Adrian Dantley
6.7%

You're not logged in!

Compare scores with friends on all Sporcle quizzes.
Join for Free
OR
Log In

You Might Also Like...

Show Comments

Extras

Created Jul 13, 2016ReportNominate
Tags:Europe Quiz, NBA Quiz, player

Top Quizzes Today


Score Distribution

Your Account Isn't Verified!

In order to create a playlist on Sporcle, you need to verify the email address you used during registration. Go to your Sporcle Settings to finish the process.

Report this User

Report this user for behavior that violates our Community Guidelines.

Details: